000 00728 a2200205 4500
003 Nust
005 20221221085628.0
010 _a 92017429
020 _a0070488355
040 _cNust
082 0 0 _a320.973,PAR
100 1 _aPatterson, Thomas E.
_963749
245 1 4 _aThe American democracy /
_cThomas E. Patterson.
250 _a5th ed.
260 _aNew York :
_bMcGraw-Hill,
_cc1993.
300 _a1 v. (various pagings) :
_bill. (some col.), col. map ;
_c27 cm.
505 _aFoundation (Page-2), Mass Politics (Page-153), Governing Institution (Page-319), Public Policy (Page-490), State and Local Government (Page-587).
651 0 _aUnited States
_xPolitics and government.
_98166
942 _2ddc
_cBK
_k320.973,PAR
999 _c185156
_d185156